Čerpanie prostriedkov z fondov Európskej únie a ich vplyv na rozvoj regiónov bakalárska práca

Salvato in:
Dettagli Bibliografici
Autore principale: Milesichová, Zuzana
Ente Autore: Fakulta podnikového manažmentu EU. Katedra podnikovohospodárska
Altri autori: Hudáková, Mária
Natura: Libro
Lingua:slovacco
Pubblicazione: Bratislava 2009
Tags: Aggiungi Tag
Nessun Tag, puoi essere il primo ad aggiungerne!!

MARC

LEADER 00000nam$a2200000$$$4500
001 0102061
005 20240319130025.4
041 0 |a slo 
044 |a SK 
245 1 0 |a Čerpanie prostriedkov z fondov Európskej únie a ich vplyv na rozvoj regiónov  |b bakalárska práca  |c Zuzana Milesichová ; škol. Mária Hudáková 
264 1 |a Bratislava  |c 2009 
300 |a 43 s. 
100 1 |a Milesichová, Zuzana 
700 1 |a Hudáková, Mária 
710 2 |a Fakulta podnikového manažmentu EU. Katedra podnikovohospodárska